[Event "HZ Open"]
[Site "Vlissingen NED"]
[Date "2005.08.10"]
[Round "5"]
[White "Malakhatko,V"]
[Black "Rohde,U"]
[Result "1-0"]
[WhiteElo "2556"]
[BlackElo "2259"]

1.d4 Nf6 2.Nf3 e6 3.c4 Bb4+ 4.Nbd2 d6 5.a3 Bxd2+ 6.Bxd2 Ne4 7.Be3 O-O 8.g3 Qe7
9.Bg2 a5 10.b3 Nd7 11.Qc2 f5 12.O-O e5 13.Rad1 Ndf6 14.Bc1 exd4 15.Nxd4 Bd7
16.f3 Nc5 17.Rfe1 Kh8 18.e3 Qf7 19.Bb2 Rae8 20.Rb1 Qh5 21.b4 axb4 22.axb4 Na4
23.Ba1 Nb6 24.Qb3 Re7 25.Re2 Qf7 26.Rc1 Rfe8 27.Kf2 d5 28.cxd5 Nbxd5 29.Rce1 Qh5
30.Kg1 Nb6 31.b5 Ra8 32.Bc3 Nbd5 33.Bb2 c5 34.bxc6 bxc6 35.Ba3 Ree8 36.Bd6 Qh6
37.Bc5 Reb8 38.Qc2 Qg6 39.e4 fxe4 40.fxe4 Nb4 41.Qc4 Na6 42.Bd6 Rc8 43.e5 Nd5
44.e6 Be8 45.Rf1 Nf6 46.Nf5 Qh5 47.Bf8  1-0

[Event "HZ Open"]
[Site "Vlissingen NED"]
[Date "2005.08.10"]
[Round "5"]
[White "Prange,S"]
[Black "De Wolf,C"]
[Result "1/2-1/2"]
[WhiteElo "2196"]
[BlackElo "2004"]

1.d4 Nf6 2.Nf3 e6 3.c4 Bb4+ 4.Nbd2 Ne4 5.a3 Nxd2 6.Bxd2 Bxd2+ 7.Qxd2 d6 8.e3 Qe7
9.Rc1 e5 10.c5 O-O 11.cxd6 cxd6 12.Qc3 Nd7 13.dxe5 dxe5  1/2-1/2

[Event "American Continental"]
[Site "Buenos Aires ARG"]
[Date "2005.08.14"]
[Round "9"]
[White "Malajovich,S"]
[Black "Lida Garcia,F"]
[Result "1-0"]
[WhiteElo "2126"]
[BlackElo "2066"]

1.d4 e6 2.c4 Bb4+ 3.Nd2 Nf6 4.Nf3 O-O 5.g3 b6 6.Bg2 Bb7 7.O-O d5 8.Ne5 Qc8
9.Qc2 dxc4 10.Ndxc4 Bxg2 11.Kxg2 Qb7+ 12.f3 Rd8 13.Be3 Nc6 14.Nxc6 Qxc6 15.Qb3 a5
16.Rac1 Qd5 17.a4 e5 18.dxe5 Ng4 19.Bf4 f5 20.Rfd1 Qe6 21.fxg4 fxg4 22.Nd2  1-0

[Event "Masters"]
[Site "Abu Dhabi UAE"]
[Date "2005.08.16"]
[Round "3"]
[White "Rausis,I"]
[Black "Iuldachev,S"]
[Result "1/2-1/2"]
[WhiteElo "2498"]
[BlackElo "2541"]

1.d4 Nf6 2.c4 e6 3.Nf3 Bb4+ 4.Nbd2 b6 5.g3 Bb7 6.Bg2 c5 7.a3 Bxd2+ 8.Qxd2 cxd4
9.Qxd4 Nc6 10.Qd3 O-O 11.O-O Rc8 12.Bg5 h6 13.Bxf6 Qxf6 14.b4 Rfd8  1/2-1/2

[Event "XVI ch-NATO"]
[Site "Kolobrzeg POL"]
[Date "2005.08.26"]
[Round "6"]
[White "Helbig,M"]
[Black "Cooper,L"]
[Result "1-0"]
[WhiteElo "2326"]
[BlackElo "2303"]

1.d4 Nf6 2.c4 e6 3.Nf3 Bb4+ 4.Nbd2 b6 5.a3 Bxd2+ 6.Qxd2 Bb7 7.g3 O-O 8.Bg2 a5
9.b3 d6 10.O-O Nbd7 11.Bb2 Ne4 12.Qc2 f5 13.Ne1 c5 14.e3 cxd4 15.exd4 Rc8
16.Qe2 Re8 17.Nd3 a4 18.f3 Nef6 19.b4 Rxc4 20.Nc5 Bd5 21.Nxa4 Rc6 22.Rfc1 Qa8
23.Nc3 Bc4 24.Qd1 Nd5 25.Nxd5 Bxd5 26.a4 Nf6 27.a5 bxa5 28.bxa5 Rb8 29.Qe2 Rxc1+
30.Bxc1 Qa7 31.Be3 Rb3 32.Bf2 f4 33.a6 Kf7 34.Bh3 fxg3 35.hxg3 Nd7 36.Bxe6+ Bxe6
37.d5 Nc5 38.Qxe6+  1-0

[Event "49th TCh-ESP Honor 1"]
[Site "Merida ESP"]
[Date "2005.08.27"]
[Round "4"]
[White "Sokolov,I"]
[Black "Macieja,B"]
[Result "1-0"]
[WhiteElo "2691"]
[BlackElo "2593"]

1.d4 Nf6 2.c4 e6 3.Nf3 Bb4+ 4.Nbd2 b6 5.a3 Bxd2+ 6.Qxd2 Bb7 7.e3 a5 8.b3 d6
9.Bb2 Nbd7 10.Be2 O-O 11.O-O Qe7 12.Qc2 c5 13.Rfd1 h6 14.Rac1 Rfc8 15.Ba1 b5
16.d5 exd5 17.cxd5 Bxd5 18.Bxb5 Bxf3 19.gxf3 Ne5 20.Qf5 Rcb8 21.a4 Rb6 22.Kh1 g6
23.Qh3 Kh7 24.Qg2 Nc6 25.f4 Rc8 26.f3 Nb4 27.Qh3 Rg8 28.Qh4 Nfd5 29.Qxe7 Nxe7
30.e4 Rc8 31.Bc4 Kg8 32.Rd2 Kf8 33.Rcd1 Rd8 34.Be5 Nc8 35.Bf6 Re8 36.e5 d5
37.Bxd5 Nxd5 38.Rxd5 Ne7 39.Rxc5 Ng8 40.Bh4 Rxb3 41.Rxa5 Rxf3 42.Bg3 Ra3
43.Ra7 Re7 44.Rd8+ Re8 45.Rxe8+ Kxe8 46.Ra8+  1-0

[Event "Rudenko mem"]
[Site "St Petersburg RUS"]
[Date "2005.08.28"]
[Round "9"]
[White "Yugina,M"]
[Black "Gaprindashvili,N2"]
[Result "1/2-1/2"]
[WhiteElo "2023"]
[BlackElo "2079"]

1.d4 Nf6 2.Nf3 e6 3.c4 Bb4+ 4.Nbd2 c5 5.e3 Nc6 6.Be2 cxd4 7.exd4 d5 8.c5 O-O
9.O-O Bxd2 10.Bxd2 a5 11.Bg5 b6 12.Rc1 Qc7 13.Bxf6 gxf6 14.Qc2 Qf4 15.Qa4 Bd7
16.Bb5 Rfc8 17.cxb6 Rab8 18.Bxc6 Rxb6 19.Qxa5 Rbxc6 20.Rxc6 Bxc6 21.b4 Rb8
22.Qc5 Bb5 23.Re1 Bd7 24.h3 Rc8 25.Qa5 Qc7 26.Qc5 Qd8 27.Qd6 Qc7 28.Qe7 Kg7
29.Qc5 Qd8 30.Qd6 Qc7 31.Qc5 Qd8 32.Qd6 Qc7  1/2-1/2

[Event "13th Open"]
[Site "Nikaia GRE"]
[Date "2005.08.29"]
[Round "8"]
[White "Svetushkin,D"]
[Black "Pavlovic,Mi"]
[Result "1/2-1/2"]
[WhiteElo "2514"]
[BlackElo "2471"]

1.d4 Nf6 2.c4 e6 3.Nf3 Bb4+ 4.Nbd2 b6 5.a3 Bxd2+ 6.Bxd2 Bb7 7.Bg5 d6 8.e3 Nbd7
9.Qc2 Qe7 10.Rd1 Be4 11.Bd3 Bxd3 12.Qxd3 O-O 13.O-O h6 14.Bxf6 Nxf6 15.e4 e5
16.Rfe1 a5 17.b3 Rfe8 18.Qc3 Nd7 19.Re3 Rad8 20.Rf1 Ra8 21.g3 Qf6 22.d5 g6
23.Ne1 Qg7 24.Nd3 f5 25.exf5 gxf5 26.Rfe1 Nf6 27.f4 Ng4 28.R3e2 e4 29.Qxg7+ Kxg7
30.Nf2 Nxf2 31.Kxf2 h5 32.Ke3 Kf7 33.Rg1 Rg8 34.h3 Rg7 35.Reg2 Rag8 36.Kd4 Kf6
37.Ke3 Kf7 38.Kd4 Ke7 39.Ke3 Kf6 40.Kd4  1/2-1/2

[Event "Operation Capablanca"]
[Site "Vienna AUT"]
[Date "2005.09.02"]
[Round "9"]
[White "Beckhuis,G"]
[Black "Meier,Geo"]
[Result "0-1"]
[WhiteElo "2324"]
[BlackElo "2437"]

1.Nf3 Nf6 2.d4 e6 3.c4 Bb4+ 4.Nbd2 b6 5.a3 Bxd2+ 6.Qxd2 Bb7 7.e3 O-O 8.Be2 d6
9.O-O Nbd7 10.b4 Ne4 11.Qc2 f5 12.d5 e5 13.Ne1 a5 14.Rb1 axb4 15.axb4 b5
16.f3 Ng5 17.e4 bxc4 18.Bxc4 fxe4 19.fxe4 h6 20.Rxf8+ Nxf8 21.Rb3 Ra1 22.Rb1 Rxb1
23.Qxb1 Ng6 24.Be3 Nf4 25.h4 Nh7 26.g3 Nh5 27.Kg2 N7f6 28.Nf3 Qe8 29.Bd3 Qg6
30.Qe1 Bxd5 31.exd5 Qxd3 32.Qd2 Qe4 33.Ba7 Qg4 34.Qf2 Ne4  0-1

[Event "TCh-POL Ekstraliga"]
[Site "Lubniewice POL"]
[Date "2005.09.04"]
[Round "2"]
[White "Worek,J"]
[Black "Kozak,Ma"]
[Result "1-0"]
[WhiteElo "2263"]
[BlackElo "2171"]

1.d4 Nf6 2.c4 e6 3.Nf3 Bb4+ 4.Nbd2 O-O 5.a3 Bxd2+ 6.Bxd2 b6 7.Bg5 Bb7 8.g3 d6
9.Bg2 Nbd7 10.O-O h6 11.Bxf6 Nxf6 12.d5 exd5 13.Nh4 Qe7 14.cxd5 Qe5 15.e4 Qxb2
16.Rc1 Rac8 17.Nf5 Rfe8 18.Qd3 Nd7 19.Rc3 Nc5 20.Qd4 f6 21.Re1 Qb5 22.e5 dxe5
23.Qg4 g5 24.Qh5 Qd7 25.Qg6+ Kf8 26.Qxf6+ Qf7 27.Qxh6+ Kg8 28.Qxg5+ Kf8 29.Nh6  1-0

[Event "TCh-POL Ekstraliga"]
[Site "Lubniewice POL"]
[Date "2005.09.04"]
[Round "2"]
[White "Miton,K"]
[Black "Jakubowski,K"]
[Result "1/2-1/2"]
[WhiteElo "2589"]
[BlackElo "2483"]

1.d4 Nf6 2.c4 e6 3.Nf3 Bb4+ 4.Nbd2 b6 5.a3 Bxd2+ 6.Qxd2 Bb7 7.e3 Ne4 8.Qd3 O-O
9.Be2 a5 10.b3 d5 11.O-O a4 12.b4 dxc4 13.Qxc4 Nd6 14.Qc2 b5 15.Ne5 f6 16.Nd3 f5
17.Nc5 Bd5 18.f3 Nd7 19.Bd2 Nxc5 20.dxc5 Bb3 21.Qb2 Nc4 22.Bxc4 Bxc4 23.Rfe1 Bb3
24.Bc3 Qe7 25.e4 Rad8 26.exf5 Rxf5 27.Re4 Rf7 28.Rae1 Rd3 29.Rd4 Rxd4 30.Bxd4 Bd5
31.Be5 Qh4 32.Qc3 c6 33.Bg3 Qg5 34.Qe5 Qd2 35.Qe3 Qb2 36.Qc1 Qa2 37.Qa1 Qb3
38.Be5 Rf5 39.Qc3 Rf7 40.Re3 Qxc3 41.Rxc3 Rf5 42.Re3 g5 43.Kf2 h5 44.Bd6  1/2-1/2

[Event "TCh-POL Ekstraliga"]
[Site "Lubniewice POL"]
[Date "2005.09.10"]
[Round "8"]
[White "Grabarczyk,M"]
[Black "Jakubowski,K"]
[Result "1/2-1/2"]
[WhiteElo "2485"]
[BlackElo "2483"]

1.d4 Nf6 2.c4 e6 3.Nf3 Bb4+ 4.Nbd2 b6 5.a3 Bxd2+ 6.Qxd2 Bb7 7.e3 Bxf3 8.gxf3 d5
9.b4 O-O 10.Bb2 c6 11.Rc1 a5 12.b5 cxb5 13.cxb5 Ne8 14.a4 f5 15.Ba3 Rf7 16.Bd3 Raa7
17.Ke2 Rac7 18.Rxc7 Rxc7 19.Rc1 Qc8 20.e4 Rxc1 21.Qxc1 Qxc1 22.Bxc1 g6 23.Bg5 Kf7
24.Bd8 Nd7 25.h4 Nef6 26.Ke3 Ke8 27.Bc7 Ke7 28.Bf4 fxe4 29.fxe4 dxe4 30.Bxe4 Nxe4
31.Kxe4 Nf6+ 32.Ke5 Nd7+ 33.Ke4 Nf6+ 34.Ke5 Ng4+ 35.Ke4 Nf6+ 36.Ke5  1/2-1/2

[Event "Geller mem Open A"]
[Site "Odessa UKR"]
[Date "2005.09.18"]
[Round "4"]
[White "Malaniuk,V"]
[Black "Gasanov,E"]
[Result "1/2-1/2"]
[WhiteElo "2513"]
[BlackElo "2427"]

1.d4 Nf6 2.Nf3 e6 3.c4 Bb4+ 4.Nbd2 O-O 5.e3 b6 6.Bd3 Bb7 7.O-O d5 8.a3 Be7
9.b3 c5 10.Bb2 Nc6 11.dxc5 bxc5 12.cxd5 exd5 13.Re1 Re8 14.Rc1 Bd6 15.Qc2 d4
16.exd4 Rxe1+ 17.Rxe1 Nxd4 18.Nxd4 cxd4 19.Qc4 Qa5 20.Re2 Bxa3 21.Bxa3 Qxa3
22.Qxd4  1/2-1/2

[Event "EYg16"]
[Site "Herceg Novi SCG"]
[Date "2005.09.20"]
[Round "6"]
[White "Rakic,Ma"]
[Black "Mikadze,M"]
[Result "1-0"]
[WhiteElo "2057"]
[BlackElo "2210"]

1.d4 Nf6 2.c4 e6 3.Nf3 Bb4+ 4.Nbd2 b6 5.a3 Bxd2+ 6.Qxd2 Bb7 7.g3 d5 8.cxd5 Bxd5
9.Bg2 O-O 10.b4 c5 11.O-O Nbd7 12.Bb2 c4 13.Rfd1 b5 14.Ne1 Bxg2 15.Nxg2 Nb6
16.f3 Na4 17.e4 Qb6 18.Ne3 Rfd8 19.Bc3 Rd7 20.Kg2 Rad8 21.Nc2 e5 22.d5 Nxd5
23.exd5 Rxd5 24.Qxd5 Rxd5 25.Rxd5 Nxc3 26.Rxe5 f6 27.Ree1 Qd6 28.Rf1 Qd3
29.Ne1 Qd5 30.Nc2 Kf7 31.Rae1 Qd3 32.Rf2 Nd5 33.Re4 Qb3 34.h4 h5 35.Rfe2 Kg6
36.Rd2 Nc3 37.Re3 Qb2 38.g4 Nb1 39.Rde2 c3 40.Nd4 Qxa3 41.Nf5 Qxb4 42.Re4 Qf8
43.Re8 Qb4 44.Kg3 hxg4 45.fxg4 c2 46.R8e7 Qb3+ 47.Kh2 Qg8 48.Rxc2 Qh7 49.Rxg7+ Qxg7
50.Nxg7 Kxg7 51.Rc7+ Kh6 52.Rxa7 Nc3 53.Rb7 Kg6 54.Kg3 Ne2+ 55.Kf3 Nc3 56.Ke3 Nd1+
57.Ke2 Nc3+ 58.Kf3 Kh6 59.Kf4 Nd5+ 60.Ke4 Nc3+ 61.Kf5 Nd5 62.g5+  1-0

[Event "4th Kesarovski - Georgiev Memorial"]
[Site "Sunny Beach BUL"]
[Date "2005.09.21"]
[Round "6"]
[White "Savchenko,S"]
[Black "Dobrev,N"]
[Result "1-0"]
[WhiteElo "2506"]
[BlackElo "2426"]

1.d4 Nf6 2.Nf3 e6 3.c4 Bb4+ 4.Nbd2 b6 5.a3 Bxd2+ 6.Qxd2 O-O 7.e3 c5 8.b4 cxd4
9.Qxd4 d5 10.cxd5 Qxd5 11.Bb2 Bb7 12.Qxd5 Nxd5 13.Rc1 Nc6 14.Be2 Rac8 15.O-O Rfd8
16.Rfd1 f6 17.Nd2 Nce7 18.Nc4 Ba6 19.Bf1 Bb5 20.Nxb6 Rxc1 21.Rxc1 Bxf1 22.Nxd5 Nxd5
23.Kxf1 e5 24.Ke2 Rd7 25.g3 Kf7 26.Rd1 e4 27.Rd4 f5 28.Rc4 Rc7 29.Rxc7+ Nxc7
30.Kd2 g6 31.Kc3 Ke6 32.Kc4 Kd6 33.b5 a6 34.a4 axb5+ 35.axb5 Ne6 36.h4 g5
37.Bf6 gxh4 38.Bxh4 h6 39.Bf6 h5 40.Bh4 Kd7 41.Kd5 Nc7+ 42.Kc5 Ne8 43.b6 Nd6
44.Kd5 Nb7 45.Bf6 Nd6 46.Be5 Nb7 47.Bc7 Kc8 48.Ke5 Nc5 49.Kxf5 Nd3 50.Kxe4 Nxf2+
51.Kf5  1-0

[Event "Vojvodina Quality League"]
[Site "Pancevo SCG"]
[Date "2005.10.06"]
[Round "5"]
[White "Cengija,V"]
[Black "Vukic,R"]
[Result "0-1"]
[WhiteElo "2232"]
[BlackElo "2249"]

1.d4 Nf6 2.c4 e6 3.Nf3 Bb4+ 4.Nbd2 O-O 5.g3 Bxd2+ 6.Qxd2 a5 7.b3 b6 8.e3 Bb7
9.Bd3 Ne4 10.Qc2 f5 11.Bb2 d6 12.O-O-O Nd7 13.Ne1 d5 14.f3 Nef6 15.Rg1 a4
16.g4 axb3 17.Qxb3 fxg4 18.fxg4 Ne4 19.Bxe4 dxe4 20.Ng2 Rf3 21.Nf4 Qe7 22.Rdf1 e5
23.Rxf3 exf3 24.dxe5 Nxe5 25.Qc3 Ra5 26.Qb4 Rc5 27.Kb1 Nxc4 28.Ka1 f2 29.Rf1 Qxe3
30.Qc3 Qxc3 31.Bxc3 Ne3 32.Rxf2 Rxc3 33.Ne6 Rc1+ 34.Kb2 Nd1+ 35.Kxc1 Nxf2
36.Nxc7 Nxg4  0-1

[Event "Open A"]
[Site "Hamburg GER"]
[Date "2005.10.07"]
[Round "5"]
[White "Logothetis,S"]
[Black "Sievers,S"]
[Result "1/2-1/2"]
[WhiteElo "2285"]
[BlackElo "2372"]

1.d4 Nf6 2.Nf3 e6 3.c4 Bb4+ 4.Nbd2 b6 5.a3 Bxd2+ 6.Bxd2 h6 7.g3 Bb7 8.Bg2 O-O
9.O-O Qe7 10.b4 Be4  1/2-1/2

[Event "Open A"]
[Site "Hamburg GER"]
[Date "2005.10.07"]
[Round "7"]
[White "Meyner,H"]
[Black "Moeller,H"]
[Result "0-1"]
[WhiteElo "2041"]
[BlackElo "2160"]

1.d4 Nf6 2.Nf3 e6 3.c4 Bb4+ 4.Nbd2 O-O 5.e3 d5 6.a3 Be7 7.b4 a5 8.b5 c5 9.Bb2 Nbd7
10.Bd3 cxd4 11.Nxd4 Nc5 12.Bc2 e5 13.N4b3 Nxb3 14.Bxb3 d4 15.exd4 exd4 16.Nf3 d3
17.Nd4 Ne4 18.Qxd3 Nc5 19.Qc2 Bf6 20.O-O-O Qc7 21.g3 Bg4 22.Rd2 Rfe8 23.h3 Bh5
24.f4 Bg6 25.f5 Bxd4 26.Rxd4 Qxg3 27.Ba2 Qe3+ 28.Kb1 Qf3 29.Qd1 Bxf5+ 30.Ka1 Qxd1+
31.Rdxd1 Rad8 32.Rdg1 g6 33.Rh2 Re3 34.h4 h5 35.Rf2 Kf8 36.Bf6 Rd6 37.Bg5 Rxa3
38.Bh6+ Ke7 39.Re1+ Re6 40.Rd1 Rd3 41.Rfd2 Rxd2 42.Bxd2 b6 43.Bh6 Bc2 44.Rd4 Nd3
45.Bb3 Bxb3 46.Rxd3 Bxc4 47.Re3 Bxb5 48.Rxe6+ Kxe6 49.Be3 Kf5 50.Bxb6 a4
51.Kb2 f6 52.Kc3 g5  0-1

[Event "TCh-BEL 2005-6"]
[Site "Belgium BEL"]
[Date "2005.10.09"]
[Round "1"]
[White "Savchenko,S"]
[Black "Ikonnikov,Vy"]
[Result "1/2-1/2"]
[WhiteElo "2489"]
[BlackElo "2566"]

1.d4 Nf6 2.c4 e6 3.Nf3 Bb4+ 4.Nbd2 O-O 5.a3 Bxd2+ 6.Bxd2 d6 7.Bg5 Qe7 8.e3 e5
9.Be2 a5 10.O-O a4 11.c5 h6 12.Bh4 Nc6 13.cxd6 cxd6 14.Rc1 Rd8 15.h3 Bd7
16.Bb5 g5 17.Bg3 Ne4 18.Bh2 g4 19.hxg4 Bxg4 20.Be2 Bf5 21.Bd3 Bh7 22.d5 Nb8
23.Bxe4 Bxe4 24.Rc4 f5 25.Bg3 Qf7 26.Nh4 Kh8 27.Rxa4 Rxa4 28.Qxa4 Rg8 29.Rc1  1/2-1/2

[Event "12th Young Masters"]
[Site "Zug SUI"]
[Date "2005.10.09"]
[Round "2"]
[White "Van Delft,M"]
[Black "Seps,M"]
[Result "1-0"]
[WhiteElo "2385"]
[BlackElo "2200"]

1.d4 Nf6 2.Nf3 e6 3.c4 Bb4+ 4.Nbd2 b6 5.a3 Bxd2+ 6.Bxd2 Bb7 7.Bg5 d6 8.e3 Nbd7
9.Bd3 h6 10.Bh4 Qe7 11.O-O g5 12.Bg3 Ne4 13.Nd2 Nxg3 14.fxg3 O-O-O 15.b4 f5
16.a4 Nf6 17.a5 Kb8 18.axb6 cxb6 19.Qa4 Ba8 20.c5 Qb7 21.c6 Qc7 22.b5 Nd5
23.e4 fxe4 24.Nxe4 Rhf8 25.Rxf8 Rxf8 26.Nxd6 a5 27.Nc4 Qd8 28.Ne5 Kc7 29.Nd7 Rf7
30.Qc4 Rxd7 31.cxd7+ Kxd7 32.Rf1 Qe8 33.Rc1 Ke7 34.Qc8  1-0

[Event "Cupa ULIM"]
[Site "Kishinev MDA"]
[Date "2005.10.10"]
[Round "3"]
[White "Bets,A"]
[Black "Madan,A"]
[Result "1/2-1/2"]
[WhiteElo "2370"]
[BlackElo "2388"]

1.d4 Nf6 2.c4 e6 3.Nf3 Bb4+ 4.Nbd2 b6 5.a3 Bxd2+ 6.Qxd2 Bb7 7.e3 O-O 8.Be2 d6
9.b4 Nbd7 10.Bb2 Qe7 11.O-O Ne4 12.Qc2 f5 13.d5  1/2-1/2

[Event "Goodbye Summer Open"]
[Site "Omis CRO"]
[Date "2005.10.14"]
[Round "7"]
[White "Ribicic,M"]
[Black "Brkic,I"]
[Result "0-1"]
[WhiteElo "2192"]
[BlackElo "2121"]

1.d4 e6 2.Nf3 Nf6 3.c4 Bb4+ 4.Nbd2 b6 5.e3 Bb7 6.Bd3 Ne4 7.O-O f5 8.Qc2 Nxd2
9.Nxd2 O-O 10.e4 Nc6 11.Nf3 fxe4 12.Bxe4 Rxf3 13.gxf3 Qh4 14.Qd3 Bd6 15.f4 Nb4
16.Qe2 Bxe4 17.Qxe4 Rf8 18.f3 Nc6 19.Be3 Bxf4 20.Rf2 Qg5+  0-1

[Event "SCG First League m"]
[Site "Vrnjacka Banja SCG"]
[Date "2005.10.19"]
[Round "3"]
[White "Markus,R"]
[Black "Drasko,M"]
[Result "1/2-1/2"]
[WhiteElo "2579"]
[BlackElo "2528"]

1.d4 e6 2.c4 Nf6 3.Nf3 Bb4+ 4.Nbd2 d6 5.a3 Bxd2+ 6.Qxd2 Qe7 7.e3 e5 8.dxe5 dxe5
9.b4 Bg4 10.Bb2 Bxf3 11.gxf3 a5 12.Be2 axb4 13.axb4 Rxa1+ 14.Bxa1 O-O 15.Bc3 Nbd7
16.O-O Ra8 17.Ra1 Rxa1+ 18.Bxa1 c5 19.Bc3 h6 20.Bf1 Qe6 21.bxc5 Nxc5 22.Bb4 Nfd7
23.h3 Qg6+ 24.Kh2 b6 25.Be2 Qb1 26.Bc3 Qf5 27.Qd1 Qg6 28.Qd2 Qf5 29.Qd1  1/2-1/2

[Event "SCG First League m"]
[Site "Vrnjacka Banja SCG"]
[Date "2005.10.22"]
[Round "6"]
[White "Arsovic,G"]
[Black "Kosic,D"]
[Result "1/2-1/2"]
[WhiteElo "2419"]
[BlackElo "2489"]

1.d4 Nf6 2.c4 e6 3.Nf3 Bb4+ 4.Nbd2 b6 5.a3 Bxd2+ 6.Bxd2 Bb7 7.Bg5 d6 8.e3 Nbd7
9.Be2 h6 10.Bh4 g5 11.Bg3  1/2-1/2

[Event "SCG First League w"]
[Site "Vrnjacka Banja SCG"]
[Date "2005.10.25"]
[Round "9"]
[White "Kizova,S"]
[Black "Maric,M"]
[Result "1/2-1/2"]
[WhiteElo "2122"]
[BlackElo "2284"]

1.d4 Nf6 2.c4 e6 3.Nf3 Bb4+ 4.Nbd2 b6 5.a3 Bxd2+ 6.Qxd2 Bb7 7.e3 d6 8.Bd3 Nbd7
9.Qc2 c5 10.b3 O-O 11.Bb2 Rc8 12.O-O h6 13.Qe2 Re8 14.Rfd1 Qe7 15.Rac1 a6
16.h3 Red8 17.Bb1 Ne4 18.Nd2 d5 19.cxd5 exd5 20.Nxe4 dxe4 21.Qg4 Qg5 22.Qxg5 hxg5
23.dxc5 Nxc5  1/2-1/2

[Event "5th Rohde Open"]
[Site "Sautron FRA"]
[Date "2005.10.27"]
[Round "6"]
[White "Gerard,N"]
[Black "Bonn,T"]
[Result "1/2-1/2"]
[WhiteElo "2286"]
[BlackElo "1987"]

1.d4 Nf6 2.c4 e6 3.Nf3 Bb4+ 4.Nbd2 d5 5.e3 O-O 6.a3 Be7 7.Bd3 b6 8.Ne5 dxc4
9.Bxc4 Bb7 10.O-O Bd5 11.b4 Bxc4 12.Ndxc4 Qd5 13.Bb2 Nbd7 14.Qc2 Bd6 15.Rac1 Rfd8
16.f3 Qb7 17.e4 a6 18.Qc3 Bxe5 19.Nxe5 Nxe5 20.dxe5 Ne8 21.Rcd1 Rac8 22.Qc2 h6
23.Rxd8 Rxd8 24.f4 g6 25.f5 Ng7 26.fxg6 fxg6 27.Bc1 Kh7 28.Rf7 Qc8 29.Rxc7 Rd1+
30.Qxd1 Qxc7 31.Qd2 g5 32.h4 Qxe5 33.hxg5 hxg5 34.Qxg5 Qxe4 35.Kh2 Qf5 36.Qh6+ Kg8
37.Kg1 Qd3  1/2-1/2

[Event "8th IM ZNG111"]
[Site "Kostrena CRO"]
[Date "2005.10.28"]
[Round "1"]
[White "Loncar,R"]
[Black "Medancic,R"]
[Result "1-0"]
[WhiteElo "2371"]
[BlackElo "2290"]

1.d4 Nf6 2.c4 e6 3.Nf3 Bb4+ 4.Nbd2 a5 5.a3 Bxd2+ 6.Bxd2 Ne4 7.Bf4 d6 8.e3 b6
9.Qc2 Bb7 10.Bd3 f5 11.h3 Nd7 12.Rg1 g5 13.Bh2 Ndf6 14.O-O-O Qe7 15.d5 exd5
16.Nd4 O-O 17.Nxf5 Qe8 18.cxd5 Bxd5 19.f3 Nc5 20.Bc4 Bxc4 21.Qxc4+ Kh8 22.e4 b5
23.Qc2 Qe6 24.Kb1 b4 25.Nxd6 cxd6 26.Rxd6 Qc8 27.Rc1 Nb7 28.Qxc8 Raxc8 29.Rxc8 Rxc8
30.Rxf6 b3 31.Be5 Kg8 32.Rb6 Nc5 33.a4 Rd8 34.Rb8 Rxb8 35.Bxb8 Nxa4 36.Ba7 Kf7
37.Bd4 Ke6 38.g3 Kd6 39.f4 gxf4 40.gxf4 Nc5 41.Bxc5+ Kxc5 42.f5 a4 43.f6  1-0

[Event "1st Rapid"]
[Site "Venaco FRA"]
[Date "2005.10.28"]
[Round "6"]
[White "Izoria,Z"]
[Black "Kogan,Ar"]
[Result "0-1"]
[WhiteElo "2646"]
[BlackElo "2574"]

1.d4 Nf6 2.c4 e6 3.Nf3 Bb4+ 4.Nbd2 d5 5.Qa4+ Nc6 6.e3 O-O 7.a3 Bxd2+ 8.Bxd2 Ne4
9.Rd1 Bd7 10.Qc2 a5 11.Bd3 f5 12.O-O a4 13.Bb4 Rf6 14.Ne5 Rh6 15.f3 Nxe5
16.dxe5 Qh4 17.g3 Nxg3 18.hxg3 Qxg3+ 19.Qg2 Qxe5 20.Bc3 Qxe3+ 21.Qf2 Rg6+
22.Kh1 Qg5 23.Be5 dxc4 24.Bc2 Bc6 25.Bh2 Rh6 26.Rg1 Qh5 27.Rdf1 Bxf3+  0-1

[Event "5th Rohde Open"]
[Site "Sautron FRA"]
[Date "2005.10.29"]
[Round "8"]
[White "Maiorov,N"]
[Black "Payen,A"]
[Result "0-1"]
[WhiteElo "2492"]
[BlackElo "2408"]

1.d4 Nf6 2.c4 e6 3.Nf3 Bb4+ 4.Nbd2 O-O 5.a3 Be7 6.e3 b6 7.Bd3 Bb7 8.b3 c5
9.Bb2 cxd4 10.exd4 d5 11.Rc1 Nbd7 12.O-O Rc8 13.Qe2 Rc7 14.Rfd1 Qa8 15.h3 Re8
16.Qe3 Rec8 17.Be2 Nf8 18.Bd3 Ng6 19.g3 Bf8 20.Re1 Bd6 21.Ng5 Re7 22.f4 dxc4
23.bxc4 Ree8 24.Qf2 Qb8 25.Ndf3 Nxf4 26.gxf4 Bxf4 27.d5 h6 28.Ne4 Nxe4 29.Bxe4 Bxc1
30.Rxc1 Qf4 31.Qg2 g5 32.Ne5 exd5 33.Bxd5 Bxd5 34.Qxd5 Rc5 35.Qd7 Rcxe5  0-1

[Event "ch-Elwood"]
[Site "Elwood AUS"]
[Date "2005.11.01"]
[Round "6"]
[White "Skiotis,P"]
[Black "Sandler,L"]
[Result "1-0"]
[WhiteElo "2178"]
[BlackElo "2381"]

1.d4 Nf6 2.c4 e6 3.Nf3 Bb4+ 4.Nbd2 b6 5.a3 Bxd2+ 6.Bxd2 Ne4 7.Bf4 Bb7 8.h4 d6
9.g3 Nd7 10.Bg2 Nef6 11.O-O O-O 12.Re1 Qe7 13.Bc1 a5 14.b3 Be4 15.Bb2 h6
16.Qd2 Bb7 17.Qc2 Ra7 18.e4 e5 19.d5 Bc8 20.b4 Ng4 21.Bh3 Ngf6 22.Nd2 Nh7
23.Nf1 Ndf6 24.Bg2 Ng4 25.f3 Ngf6 26.c5 bxc5 27.bxc5 dxc5 28.Rac1 Nd7 29.Ne3 g6
30.Nc4 Nhf6 31.Qc3 Re8 32.Nxa5 Bb7 33.Nc4 Nh5 34.f4 f6 35.Qf3 Ng7 36.Bh3 Nb6
37.Nxb6 cxb6 38.fxe5 fxe5 39.Rf1 Bc8 40.Bxc8 Rxc8 41.Qg4 Rd8 42.Qxg6 Rd6
43.Qg4 Kh7 44.Rf3 Rg6 45.Qh3 Ra4 46.Re1 Rc4 47.Re2 h5 48.Kh2 Rg4 49.Qf1 Kg8
50.Ref2 Rcxe4 51.Rf8+ Kh7 52.R8f7 Qd8 53.R2f6 Qc8 54.d6 Rxh4+ 55.gxh4 Rxh4+
56.Kg1 Rg4+ 57.Kf2 c4 58.Rc7 Qa8 59.Rxc4 Qd8 60.Bxe5 Rg5 61.Qd3+ Kg8 62.d7 Rxe5
63.Rc8  1-0

[Event "Autumn Open"]
[Site "St Petersburg RUS"]
[Date "2005.11.06"]
[Round "9"]
[White "Golovenchits,B"]
[Black "Part,F"]
[Result "1/2-1/2"]
[WhiteElo "2087"]
[BlackElo "2016"]

1.d4 Nf6 2.Nf3 e6 3.c4 Bb4+ 4.Nbd2 O-O 5.a3 Bxd2+ 6.Bxd2 d5 7.Bg5 b6 8.cxd5 exd5
9.Qc2 c6 10.e3 Bb7 11.Bd3 h6 12.Bh4 Nbd7 13.O-O Re8 14.b4 Qc7 15.Bg3 Qd8
16.Bh4 Qc7 17.Rfc1 Ne4 18.Nd2 Nxd2 19.Qxd2 a5 20.Qe2 axb4 21.axb4 Rxa1 22.Rxa1 Ra8
23.Rxa8+ Bxa8 24.e4 Bb7 25.exd5 cxd5 26.h3 Nf8 27.Qe8 Bc6 28.Qe3 b5 29.g4 Ne6
30.Bf5 Qf4 31.Bxe6 Qxe3 32.Bxf7+ Kxf7 33.fxe3 g5 34.Bg3 Kg6 35.Bd6 Kf7 36.Kf2 Bb7
37.Kg3 Bc6 38.h4 Bb7 39.Bc7 Ke8 40.Bb6 Bc6 41.Bc7 Bb7 42.hxg5 hxg5 43.Bf4 gxf4+
44.exf4 Ke7 45.f5 Bc6 46.Kf4 Kf6 47.g5+ Kf7 48.Ke5 Bd7 49.f6 Kg6 50.Kd6 Be8
51.Kxd5 Kxg5 52.Ke6 Kg6 53.d5 Bf7+ 54.Ke5 Be8 55.Ke6 Bf7+ 56.Ke5  1/2-1/2

[Event "FSIMB November"]
[Site "Budapest HUN"]
[Date "2005.11.11"]
[Round "7"]
[White "Galyas,M"]
[Black "Murzin,L"]
[Result "1/2-1/2"]
[WhiteElo "2424"]
[BlackElo "2206"]

1.d4 Nf6 2.c4 e6 3.Nf3 Bb4+ 4.Nbd2 b6 5.e3 Bb7 6.Bd3 O-O 7.O-O d5 8.a3 Be7
9.b4 dxc4 10.Nxc4 Nbd7 11.Rb1 Qc8 12.Qe2 c5 13.e4 cxb4  1/2-1/2

[Event "FSIMB November"]
[Site "Budapest HUN"]
[Date "2005.11.17"]
[Round "13"]
[White "Murzin,L"]
[Black "Eperjesi,L"]
[Result "1/2-1/2"]
[WhiteElo "2206"]
[BlackElo "2252"]

1.d4 Nf6 2.c4 e6 3.Nf3 Bb4+ 4.Nbd2 d5 5.Qa4+ Nc6 6.e3 O-O 7.a3 Bxd2+ 8.Bxd2 Bd7
9.Qc2 a5 10.b3 Qe7 11.Bd3 dxc4 12.Bxc4 e5 13.dxe5 Nxe5 14.Nxe5 Qxe5 15.Bc3 Qe7
16.O-O Bc6  1/2-1/2

[Event "TCh-BEL 2005-6"]
[Site "Belgium BEL"]
[Date "2005.11.20"]
[Round "4"]
[White "Mchedlishvili,M"]
[Black "Winants,L"]
[Result "1/2-1/2"]
[WhiteElo "2564"]
[BlackElo "2529"]

1.d4 Nf6 2.c4 e6 3.Nf3 Bb4+ 4.Nbd2 a5 5.a3 Bxd2+ 6.Bxd2 a4 7.Qc2 d6 8.e4 Nc6
9.Bc3 Qe7 10.e5 dxe5 11.dxe5 Nd7 12.Qe4 Nc5 13.Qg4 Qf8 14.Rd1 Bd7 15.Be2 O-O-O
16.O-O f5 17.Qf4 h6 18.Bb4 b6 19.Nd4 Nxd4 20.Rxd4 Bc6 21.Rxd8+ Qxd8 22.Bxc5 bxc5
23.Bf3 Qe8 24.Qe3 Kb7 25.Qxc5 Bxf3 26.gxf3 Qc6 27.Qe3 Rb8 28.b4 axb3 29.Qxb3+ Kc8
30.Qc3 Kd7 31.Rd1+ Ke8 32.Qd3 Kf8 33.Kg2 Kg8 34.Qd4 Kh7  1/2-1/2

[Event "TCh-HUN 2005-6"]
[Site "Hungary HUN"]
[Date "2005.12.04"]
[Round "5"]
[White "Galyas,M"]
[Black "Sinkovics,P"]
[Result "1/2-1/2"]
[WhiteElo "2424"]
[BlackElo "2311"]

1.d4 Nf6 2.c4 e6 3.Nf3 Bb4+ 4.Nbd2 b6 5.e3 Bb7 6.Bd3 O-O 7.O-O c5 8.dxc5 Bxc5
9.a3 Be7 10.b3 d6 11.Bb2 Nbd7 12.Rc1 Rc8 13.Qe2 Qc7 14.b4 Qb8 15.e4 Rfe8
16.e5 Nxe5 17.Nxe5 dxe5 18.Bxe5 Qa8 19.f3 Nd7 20.Bc3 Bf6 21.Ne4 Bxc3 22.Rxc3 Qb8
23.f4 e5 24.Ng5 Nf6 25.Nxh7 Nxh7 26.Bxh7+ Kxh7 27.Qh5+ Kg8 28.Rh3 f6 29.Qh7+ Kf7
30.Qh5+ Ke7 31.Qg6 Rg8 32.Rh7 Kf8 33.Rxg7 Rxg7 34.Qxf6+ Rf7 35.Qh6+ Ke7 36.Qg5+ Kf8
37.Qh6+ Kg8 38.Qg6+ Rg7 39.Qe6+ Kh7 40.Qh3+ Kg8  1/2-1/2

[Event "FSGMA December"]
[Site "Budapest HUN"]
[Date "2005.12.06"]
[Round "4"]
[White "Erdos,V"]
[Black "Berczes,D"]
[Result "1-0"]
[WhiteElo "2522"]
[BlackElo "2475"]

1.d4 Nf6 2.c4 e6 3.Nf3 Bb4+ 4.Nbd2 b6 5.a3 Bxd2+ 6.Qxd2 Bb7 7.e3 d6 8.Be2 Nbd7
9.O-O O-O 10.b4 Qe7 11.Bb2 c5 12.Rfd1 Ne4 13.Qc2 f5 14.dxc5 bxc5 15.Nd2 Qg5
16.f4 Qg6 17.Nxe4 Bxe4 18.Bd3 Bb7 19.Bf1 Be4 20.Bd3 Bb7 21.Bf1 Be4 22.Qf2 d5
23.cxd5 exd5 24.Bd3 Qe6 25.Bxe4 Qxe4 26.Qf3 Qxf3 27.gxf3 Nb6 28.bxc5 Nc4
29.Bd4 Rab8 30.Rd3 a5 31.Be5 Nxe5 32.fxe5 f4 33.exf4 Rxf4 34.Rc1 Rf5 35.Rxd5 Rb2
36.Rd4 Rg5+ 37.Rg4 Rxe5 38.c6 Reb5 39.c7  1-0